Athribis : (Record no. 60737)
[ view plain ]
| 000 -الفاتح | |
|---|---|
| حقل البيانات ثابتة الطول | 01110nam a22002777a 4500 |
| 005 - وقت وتاريخ اخر تعامل مع التسجيلة | |
| رقم الضبط | 20240530110425.0 |
| 008 - عناصر البيانات ثابتة الطول - معلومات عامة | |
| حقل البيانات ثابتة الطول | 150323s2012 ua abdof 000 0 eng d |
| 020 ## - الرقم الدولى المعيارى للكتب | |
| الرقم الدولى المعيارى للكتاب | 9782724705294 |
| 020 ## - الرقم الدولى المعيارى للكتب | |
| الرقم الدولى المعيارى للكتاب | 9782724705270 |
| 040 ## - مصدر الفهرسة | |
| وكالة الفهرسة الأصلية | EG-CaGPL |
| وكالة النسخ | EG-CaGPL |
| 082 04 - رقم تصنيف ديوى العشرى | |
| رقم الطبعة | 21 |
| رقم التصنيف | 932.021 |
| رقم المادة | CC/R A |
| 100 0# - المدخل الرئيسى - إسم شخصى | |
| رمز الرابط | Rafed El-Sayed |
| 245 10 - بيان العنوان | |
| العنوان | Athribis : |
| بقية العنوان | : General site survey 2003-2007, archaeological & conservation studies : the gate of Ptolemy IX |
| بيان المسئوليه,etc | Rafed El-Sayed, Yahya El-Masry |
| 260 ## - PUBLICATION, DISTRIBUTION, ETC. (IMPRINT) | |
| تاريخ النشر أو التوزيع | 2012 |
| 300 ## - الوصف المادى | |
| التعداد | 289 P. : |
| تفاصيل ماديه اخرى للوعاء | ill. (chiefly col.), maps ; |
| أبعاد الوعاء | 28 .cm . |
| 504 ## - تبصرة ببليوجرافية | |
| تبصرة ببليوجرافية,الخ | Includes bibliographical references. |
| 650 #0 - المدخل الاضافى بالموضوع-مصطلح موضوعى | |
| مصطلح موضوعي | Excavations |
| التقسيم الفرعي الجغرافي | Egypt |
| -- | Athribis (Extinct city) |
| 650 #0 - المدخل الاضافى بالموضوع-مصطلح موضوعى | |
| مصطلح موضوعي | Architecture |
| التقسيم الفرعي الجغرافي | Egypt |
| -- | Athribis (Extinct city) |
| 650 #0 - المدخل الاضافى بالموضوع-مصطلح موضوعى | |
| مصطلح موضوعي | Inscriptions |
| التقسيم الفرعي الجغرافي | Egypt |
| -- | Athribis (Extinct city) |
| 651 #0 - المدخل الاضافى بالموضوع - اسم جغرافى | |
| الاسم الجغرافي | Athribis (Extinct city) |
| 700 0# - المدخل الاضافى - اسم شخصى | |
| الإسم الشخصى | Yahya El-Masry |
| 942 ## - عناصر المدخل الإضافي( كوها) | |
| مصدر التصنيف او مخطط الترفيف | Dewey Decimal Classification |
| Koha [default] item type | كتاب |
| 260 ## - PUBLICATION, DISTRIBUTION, ETC. (IMPRINT) | |
| -- | Le Caire : |
| -- | Institut français d'archéologie orientale , |
| 505 ## - تبصرة محتويات-الفهرس | |
| تبصرة المحتويات المصاغة | |gGeneral site survey 2003-2007, archaeological & <br/> conservation studies : the gate of Ptolemy IX |
| حالة التراجع | حالة الفقد | مصدر التصنيف او خطة الترفيف | حالة تلف | ليس للاعارة | المكان المؤقت | الموقع الحالى | تاريخ الاكتساب | اجمالي اﻻعارات | رقم الطلب | الباركود | تاريخ اخر مشاهدة | تاريخ تفعيل السعر | نوع وعاء كوها |
|---|---|---|---|---|---|---|---|---|---|---|---|---|---|
| ddc | مكتبة القاهرة الكبرى | مكتبة القاهرة الكبرى | 03/23/2015 | 932.021 CC/R A | 159845 | 03/23/2015 | 03/23/2015 | كتاب |

